=LDR 00000nam 2200000 4500 =001 INLIS000000001053103 =005 20241203095818 =035 ##$$a 0010-1224000001 =007 ta =008 241203################g##########0#ind## =020 ##$$a 978-602-1187-81-4 =082 ##$$a 302.2 =084 ##$$a 302.2 NIK k =100 #$$a Nikmah Suryandari =245 1#$$a Komunikasi antar budaya : $b tinjauan konsep dan praksis /$c Nikmah Suryandari =260 ##$$a Surabaya :$b Putra Media Nusantara (PMN),$c 2019 =300 ##$$a viii, 179 hlm. ; $c 23 cm =650 #4$$a Komunikasi dalam Budaya =504 ##$$a Bibliografi: hlm. 175-179 =990 ##$$a 4403844038